Globalization, islam and resistance /
El autor complementa la perspectiva de Wallerstein de largo plazo haciendo hincapié en el papel y las prácticas económicas de las empresas transnacionales y las clases como los principales actores en el sistema mundial contemporáneo
محفوظ في:
| المؤلف الرئيسي: | |
|---|---|
| التنسيق: | نص |
| اللغة: | Spanish |
| منشور في: |
Blackwell Publishing
|
| الطبعة: | 2 |
| الموضوعات: | |
| الوسوم: |
إضافة وسم
لا توجد وسوم, كن أول من يضع وسما على هذه التسجيلة!
|
MARC
| LEADER | 00000 a a2200000 04500 | ||
|---|---|---|---|
| 001 | 37467 | ||
| 003 | cru IIS | ||
| 005 | 20230314153925.0 | ||
| 008 | 230314b |||||||| |||| 00| 0 spa d | ||
| 020 | |a 978-1-4051-0279-7 | ||
| 040 | |c cru IIS | ||
| 090 | |a 0001 L471g | ||
| 100 | 1 | |a Kamal Pasha, Mustapha |9 11028 | |
| 245 | |a Globalization, islam and resistance / |c Mustapha Kamal Pasha | ||
| 250 | |a 2 | ||
| 260 | |a Blackwell Publishing | ||
| 300 | |a 330-334 p. | ||
| 520 | |a El autor complementa la perspectiva de Wallerstein de largo plazo haciendo hincapié en el papel y las prácticas económicas de las empresas transnacionales y las clases como los principales actores en el sistema mundial contemporáneo | ||
| 650 | 0 | |a ISLAM |9 675 | |
| 650 | |a GLOBALIZACION | ||
| 942 | |2 ddc |c LI | ||
| 999 | |c 44814 |d 44814 | ||
| 773 | 0 | |0 2864 |9 8439 |a Lechner, Frank J. |b 2 |d Blackwell Publishing 2000 |o 04530 |t The Globalization: reader / |w (cru IIS)37463 |z 978-1-4051-0279-7 | |



